000 00458nam a2200181Ia 4500
008 240925s9999 xx 000 0 und d
020 _a9788120350281
082 _a332.6019 SUL
100 _aSulphey, M. M.
245 0 _aBehavioral Finance
250 _aNA
260 _aNew Delhi:
_bPHI learning Pvt Ltd
_c,2014.
300 _a416p.
_b0
_fOriginal
500 _aIncludes Index
600 _aSocial Sciences
650 _aSocial Sciences
942 _cBK
999 _c16086
_d16086